Name The Pie - Statistics

General Stats
  • This quiz has been taken 62 times
  • The average score is 7 of 9
Answer Stats
Picture Answer % Correct
Apple Pie
98%
Key Lime Pie
92%
Pecan Pie
90%
Pumpkin Pie
88%
Chocolate Pie
86%
Blueberry Pie
78%
Cherry Pie
78%
Peach Pie
75%
Banoffee Pie
8%
No matching quizzes found
Score Distribution
Percent of People with Each Score
Percentile by Number Answered
Your Score History
You have not taken this quiz